=LDR 00000nam 2200000 4500 =001 INLIS000000000028987 =005 20200520101347 =035 ##$$a 0010-061300000028987 =008 200520################g##########0#ind## =041 ##$$a Ind =082 ##$$a 2x9.6 =090 ##$$a 2x9.6, Eng a =100 ##$$a Engineer, Asghar Ali =245 1#$$a Asal usul dan perkembangan islam /$c Asghar Ali Engineer =260 ##$$a Yogya :$b Pustaka Pelajar,$c 1999 =300 ##$$a vii, 342 hlm, ; $c 20 x 15 cm. =650 #4$$a Islam-Sejarah =850 ##$$a NBPNMAT =084 ##$$a 2x9.6 Eng a =990 ##$$a 151.440/Pb.2000